00525cam a2200181ua 4500001000400000008003900004020002200043040000900065082001000074245008800084250000900172260005100181300002100232653001400253653001800267653002700285700003100312231110325n ii |||gr||||Z||||||eng a978-0-521-54081-0 cMAIN a303.410aChanging India : bbourgeois revolution on the subcontinent / cby Robert W. Stern  a1st. aCambridge:bCambridge university press,c2008. axvii, 250p.:3cm. aSociology aSocial change aSocial change in India1 aStern, Robert W.,eAuthor.